000 00427nam a22001337a 4500
003 SGT
020 _a8190295942
082 _a080
_bB06V
100 _aविश्वजीत
245 _aबौद्ध धर्म के विकास में ब्राह्मणों का योगदान
260 _bइम्प्रैशन पब्लिकेशंस
_c2006
300 _a153
942 _2ddc
_cBK
999 _c31501
_d31501